LEADER 00708nam a2200205 i 4500 001 000000028670 003 CaOOAMICUS 005 20211015121008.0 008 180830s2003 it u000 u ita u 040 $aSeMil$bita 100 1 $aLabor, Livio,$d<1918-1999>.$0(OLS)http://semarc/name/13101 245 10$aScritti e discorsi /$cLivio Labor ; a cura di Carlo Felice Casula. 264 1$aMilano :$bM&B,$c2003. 300 $a2 v. ;$c21 cm. 700 1 $aCasula, Carlo Felice.$0(OLS)http://semarc/name/13102 774 0 $t1.$w()221559 774 0 $t2.$w()221560 996 $6245$aScritti e discorsi$9(OLS)http://semarc/title/2390 996 $6264$aMilano :$bM&B$9(OLS)http://semarc/publisher/31965 LEADER 01128nam a2200253 i 4500 001 000000089575 003 CaOOAMICUS 005 20160601000000.0 008 160601s2013 it u000 u ita u 013 $a61817 020 $a978-88-590-0297-0 040 $aSeMil$bita 100 1 $aCalcaterra, Valentina <1976- >.$0(OLS)http://semarc/name/40475 245 13$aIl Centro di Ascolto :$banalisi relazionale dell'esperienza di Caritas Ambrosiana /$cValentina Calcaterra. 260 $aTrento :$bErickson,$ccopyr. 2013. 300 $a218 p. ;$c21 cm. 500 $aContiene : Appendice metodologica ; Bibliografia ; Glossario. 650 4$aCaritas - Centri di ascolto.$0(OLS)http://semarc/subject/16493 850 $aSeMil 852 $aSeMil$W1$xVenegono$y1$m3E IV 276$j52654$B52654$CSeMilBibl$Z2$F57176 $81 961 $aOmaggio: Bressan don Luca 996 $6020$a978-88-590-0297-0$9(OLS)http://semarc/number/69554 996 $6245$aIl Centro di Ascolto :$banalisi relazionale dell'esperienza di Caritas Ambrosiana$9(OLS)http://semarc/title/135541 996 $6260$aTrento :$bErickson$9(OLS)http://semarc/publisher/43534